Najbardziej ekologiczne kraje na świecie - Statystyki

Ogólne statystyki
  • Ten quiz został rozwiązany 53 razy
  • Średni wynik to 15 z 20
Statystyki odpowiedzi
Miejsce Kraj Wskaźnik EPI % Poprawnych
1 Dania 77,9
91%
20 Norwegia 59,3
91%
5 Szwecja 72,7
91%
11 Holandia 62,6
89%
3 Finlandia 76,5
86%
10 Islandia 62,8
86%
14 Estonia 61,4
84%
13 Niemcy 62,4
84%
12 Francja 62,5
82%
15 Łotwa 61,1
82%
9 Szwajcaria 65,9
80%
8 Austria 66,5
77%
19 Czechy 59,9
75%
6 Luksemburg 72,3
73%
2 Wielka Brytania 77,7
73%
7 Słowenia 67,3
70%
16 Chorwacja 60,2
68%
18 Słowacja 60,0
68%
17 Australia 60,1
57%
4 Malta 75,2
41%
Nie znaleziono quizów pasujących do podanych kryteriów
Rozkład punktacji
Procent ludzi z każdym wynikiem
Percentyl według liczby udzielonych odpowiedzi
Twoja historia wyników
Nie rozwiązałeś tego quizu